Guess NBA Player, Hard Edition - Statistics

General Stats
  • This quiz has been taken 143 times
  • The average score is 9 of 12
Answer Stats
Hint Answer % Correct
GOAT Michael Jordan
100%
The actual GOAT LeBron James
99%
Skyhook Kareem Abdul-Jabbar
96%
Earvin Johnson Magic Johnson
95%
Stepback James Harden
88%
Bean Kobe Bryant
88%
Dreamshake Hakeem Olajuwon
87%
Cooking something Steph Curry
79%
____ Magic Luka Doncic
66%
Slow Mo Kyle Anderson
51%
My GOAT Bronny James
47%
Could Have Been An Olympic Swimmer Tim Duncan
40%
No matching quizzes found
Score Distribution
Percent of People with Each Score
Percentile by Number Answered
Your Score History
You have not taken this quiz